| 000 | 00522nam a2200181 i 4500 | ||
|---|---|---|---|
| 001 | 35557 | ||
| 003 | ES-MaACL | ||
| 005 | 20250804063354.0 | ||
| 007 | t| | ||
| 008 | 030213s1959 sp ||||1| spa d | ||
| 100 | 1 |
_aBosch, Andrés, _d1926-1984 _9160182 |
|
| 245 | 1 | 3 |
_aLa noche _b: novela / _cAndrés Bosch. |
| 260 |
_aBarcelona : _bPlaneta, _c[1959] ( _fSaturno) |
||
| 300 |
_a343 p. ; _c19 cm. |
||
| 500 | _aPremio Editorial Planeta 1959. | ||
| 852 |
_aES-MaACL _jC-17018 _bR.45466 |
||
| 999 |
_c35557 _d35557 |
||